For a sane, green future /

Bibliographic Details
Main Author: Mohamed Idris, S. M.
Format: Book
Published: Penang: Consumers' association of Penang, 1990.
Subjects:
LEADER 00768cam a2200217 7i4500
001 0000043120
005 20151104090000.0
005 ##20151104153500.0
002 ##000003347
003 ##MY-KlINT
008 151104 00010 eng
020 # # |a 9679950573  
039 # 9 |y 201511041535  |z VLOAD 
090 0 0 |a 304.28 MOH  
100 1 # |a Mohamed Idris, S. M. 
245 0 0 |a For a sane, green future /   |c S. M. Mohamed Idris.. 
260 # # |a Penang:   |b Consumers' association of Penang,   |c 1990. 
300 # # |a 258 p.. 
505 0 # |a This book brings together the many strands of his ideas on daily living (food, health, transport, culture); national affairs (politics, economics, national unity); environment, development and survival. 
650 # 0 |a Environment  
650 # 0 |a Ecolog --   |x Malaysia